Statistics for Widest Rivers In The World

Click here to take the quiz!

General Stats

  • This quiz has been taken 63 times
  • The average score is 5 of 10

Answer Stats

Answer% Correct
Amazon
98%
Congo
60%
Ganges
58%
Huang He
52%
Mekong
52%
Indus
45%
Missouri
35%
Ob
35%
Brahmaputra
27%
Darling
3%

Score Distribution

Percentile by Number Answered

Percent of People with Each Score

Your Score History

You have not taken this quiz